000
00271nam a2200097Ia 4500
001
967749
005
20250826220330.0
008
250824s9999 xx 000 0 und d
245
0
_a
KÜÇÜK ŞEYLER 1 DENİZ KABUKLARI
_c
ÜSTÜN DÖKMEN
260
_b
REMZİ KİTABEVİ YAYINLARI
999
_c
967749
_d
967749